CDM philo - exposés Hobbes - Statistiques

Statistiques générales
  • Ce quiz a été pris 16 fois
  • Le résultat moyen est 22 sur 60
Statistiques - réponses
Hint Réponse % Correct
Il y présente la l'état de ... nature
100%
Cet état de nature mène à un état de ... de tous contre tous, dans lequel les hommes ne sont mûs que par leurs désirs et intérêts privés guerre
92%
Date de parution du Léviathan : 1651
75%
Comme nous venons de le dire, Hobbes a été critiqué pour son approche profondément pessimiste de la nature humaine, et cela dès le ..ème siècle par des observateurs contemporains. 17
67%
Hobbes observe une défiance inhérente entre les individus qu'il justifie de façon empirique. Il cerne de façon précise la réalité de la société humaine où chacun craint, plus ou moins, son voisin. L’homme est un ... pour l’homme dans l'état de guerre, chacun cherchant à acquérir et accomplir ses besoins naturels selon une approche égoïste. loup
67%
La pensée de Hobbes est caractérisée par un ... anthropologique, selon lui il est impossible que tous les hommes puissent assouvir leurs désirs communs. pessimisme
67%
1649-1651 en Angleterre : grande ... britannique révolution
67%
C’est le point de vue de ... dans le contrat social, selon lui l’homme est bon en tant qu’il naît avec la pitié ce qui lui permet de vivre de façon autosuffisante en autarcie. Rousseau
67%
Hobbes détaille davantage encore sa vision de la nature humaine à l’intérieur du ... chapitre de la première partie de son oeuvre 13ème
58%
Or cela s'oppose à l'héritage d'..., auteur de La Politique Aristote
58%
Cela soulève un paradoxe : Alors qu’a priori poursuivre ses ... pousse à s’extraire de toute domination, intérêts
58%
Hobbes dénie aussi l’existence d’un droit ... “tant que les lois n’ont pas été faites, on ne peut les connaitre” naturel
50%
Selon cet auteur, l’homme est “défini comme un animal ... Il vit véritablement lorsqu’il est en société, de telle sorte qu’il peut y déployer ses capacités et y vivre heureux. L’homme qui ne vit pas en société serait perçu comme déviant. politique
50%
Selon Hobbes, ce qui garantit en son temps l’existence d’activités (laborieuses par exemple), c’est la présence d’un ... fort et centralisé. En effet, pour jouir pleinement de leurs libertés les individus doivent se soumettre au ... public. pouvoir
50%
Hobbes détaille trois motifs de conflits qui caractérisent la nature humaine : en nommer un rivalité / défiance / fierté
50%
il s’avère qu’à l’inverse, c’est lorsque les individus se soumettent totalement à un ordre ... absolu qu’ils maximisent leur intérêt privé souverain
50%
Par ailleurs, l’histoire dément cette affirmation qui dénie à la communauté en tant qu’ensemble de citoyens toute réalité en dehors de l’etat tandis que l’on sait que les sociétés humaines se sont formés bien avant l’érection d’un Etat quelconque, et même parfois contre l’Etat, comme le montre l’antropologue Pierre .. dans La société contre l’état, société indigène construite en rejet de l’Etat. Clastres
42%
Or là encore cela contredit un certain nombre de penseurs dont Hugo ..., un contemporain qui au contraire postulait l’existence d’un droit naturel que les hommes vont progressivement transcrire de la meilleure manière dans le droit positif afin de le faire respecter. De même, de cette observation il postule l’inexistence d’une morale transcendantale qui existerait en soi, indépendamment de l’Etat. Grotius
42%
L'État de Guerre n’assure en aucun cas cette liberté de jouir de façon privée de ses ... propres. Il faut donc trouver un moyen pour que les hommes qui ne peuvent alors jouir pleinement des libertés et des éventualités de l’existence soient en mesure de se réaliser, de s’épanouir. intérêts
42%
Il présuppose que "“les hommes n'ont aucun ... (mais au contraire, beaucoup de dé... à être ensemble là où n'existe pas de pouvoir capable de les dominer tous par la peur” --> explication du recours à la violence lorsque les désirs entrent en contradiction plaisir
42%
En l’absence de ce pouvoir commun selon Hobbes
=>Pas de notions de Bien et Mal/ de Juste et d’Injuste
=>Pas de ..., de domination, de distinction du mien et du tien car pas de lois
propriété
42%
Face à un état de guerre de tous contre tous, [réponse précédente] estime que c’est la ... par ses structures et l'appât du gain qui corrompt le cœur des hommes. société
42%
Dans les chapitres .. et ..., Hobbes s'attache à définir la notion de personne, et à introduire tout ce que la signification de cette notion complexe implique au regard d’une organisation politique. Dans le second il explique et argumente les raisons pour lesquelles les Hommes choisissent de signer le contrat social hobbesien, et de s’organiser en société 16 / 17
33%
En effet, il est dans l’intérêt de l’Homme que se soumettre comme ses semblables à un ordre supérieur, le seul capable de réguler les passions humaines en permettant de faire société. En cela, Hobbes rend compte de l’impossibilité du ..., les hommes du fait de leurs passions et de leur égoïsme ne pouvant vivre en paix en communauté sans l’intervention d’un acteur extérieur, le Léviathan, le souverain absolu commun
33%
C'est une fiction qui lui permet de justifier la ..., c'est-à-dire l'avènement de l'Etat contractualisation
33%
Et selon Hobbes, l'homme est un être ... de nature -> pourrait gouverner non pas pour le bien du peuple, mais pour ses propres intérêts. Le représentant promet d’agir pour les personnes, mais parfois, il n’a rien pour prouver qu’il les représente vraiment à terme, juste sa parole égoïste
33%
L’homme est caractérisé par une volonté de puissance insatiable selon Hobbes
.
Or, si l’on suppose l’égalité des hommes – on pourrait également supposer une ... de l’homme pour l’homme qui lui permettrait de se mettre à la place d’autrui, au mieux de coopérer dans leur intérêt commun, au pire de lui être indifférent et de vivre individuellement sans besoin d’imposer sa volonté à autrui.
empathie
33%
Concept de personne ... : “Expression désignant une construction juridique à laquelle la loi confère des droits semblables à ceux des personnes physiques (elles doivent aussi comprendre un nom, domicile, nationalité, etc...)” morale
33%
C'est donc un père du ... juridique, réduisant le droit et la morale au droit positif. positivisme
33%
Dans la théorie de Hobbes, l'acteur agit au nom de l'auteur. Cependant, une fois le contrat ... établi, l'acteur n'est pas obligé de suivre les souhaits de l'auteur. En effet, une fois qu’il a reçu l'autorité, l’acteur a un pouvoir presque absolu. Son lien avec l’auteur ne dépend plus d’un contrôle direct, mais simplement de sa bonne volonté. social
33%
Hobbes distingue 2 types de républiques : - République par ... : formée par la force, lorsqu’un souverain conquiert le pouvoir par la guerre ou la domination et impose son autorité sur un peuple conquis. En résumé, ce pouvoir est accepté par crainte et non par consentement volontaire. acquisition
25%
● A cette notion d’[réponse précédente] s’oppose celle de l’... (ou ...) : il est celui qui agit au nom d’un [réponse précédente] acteur / représentant
25%
● L’... est celui dont la volonté est exprimée à travers les actions d’un autre. auteur
25%
Cette critique met en évidence que le modèle d'État du Léviathan de Hobbes favorise les dérives ... En effet, Hobbes affirme que la peur est le seul moyen de maintenir l’ordre. Cela peut pousser le souverain à abuser de son pouvoir pour conserver son autorité, en plus d’utiliser la crainte pour l’acquérir. autoritaires
25%
Or, ces besoins semblent être propres aux êtres ... : “Les pouvoirs qui poussent les humains à la paix sont la peur de la mort, le désir des choses nécessaires à une vie confortable” civilisés
25%
En d’autres termes, on peut dire que le rapport entre acteur et auteur incarne le passage d’un intérêt privé à un intérêt ... : l’intérêt privé du client devient un intérêt ..., partagé par lui et son avocat (dont l’intérêt est bien sûr de gagner un maximum d’affaires) commun
25%
- Les hommes vivent ensemble par un accord artificiel contrairement aux animaux. Il leur faut quelque chose de + durable et stable : un gouvernement civil qui ferait converger leurs intérêts privés vers l'intérêt ... commun
25%
Concernant la république par institution, elle repose sur le ... des citoyens, donc sur la création d'un contrat social qui passe par un abandon des libertés individuelles au profit d'un pouvoir souverain absolu. consentement
25%
Cette distinction est d’une importance majeure dans la sphère du politique. Elle va servir à Hobbes pour expliquer comment un individu ou une entité (comme l’...) peut agir au nom d’autres personnes. Etat
25%
2. La deuxième théorie qui découle de ces concepts est celle selon laquelle l’... lui-même peut être considéré comme une personne. Perçue non comme une simple organisation abstraite, mais une entité qui peut agir, parler et représenter les volontés des individus qui le composent. "personne artificielle collective" Etat
25%
Il résulte de ces trois causes un Etat de Guerre quasi permanent, non qu’il n’y ait des conflits incessants, il y a une tendance générale à l’.... Il y a une disposition permanente des individus au combat. (exemple du travail : nul homme ne souhaite travailler pour un labeur dont il ignore s’il percevra les fruits.) hostilité
25%
Selon Hobbes, les hommes éprouvent un grand déplaisir à vivre en communauté, selon lui par nature l’homme est profondément ... Ces derniers ont une fierté qui les oppose et les empêche de s'accommoder de leurs congénères :” chacun cherche à s’assurer qu’il est évalué par son voisin au même prix qu’il s’évalue lui-même” individualiste
25%
Hobbes fait ainsi le constat que les hommes ont besoin d’un Etat tutélaire, d’un Léviathan, cette créature biblique monstrueuse. Pour donner naissance à ce gouvernement civil, les individus doivent former un contrat social, une notion reposant sur 3 éléments clés : la renonciation à la ... individuelle, l'établissement d'un ... et l'obligation d'... (écrire les 3 mots à la suite) liberté souverain obéissance
25%
C’est pour cela que de nombreux auteurs défendent des modèles alternatifs comme ... Il défend l’idée d’un gouvernement limité où les citoyens conservent des droits inaliénables. En cas d’abus de pouvoir, les citoyens ont le droit de résistance (présence de contre-pouvoirs) et peuvent renverser le gouvernement devenu tyrannique. Locke
25%
“La passion du bien vivre est chez Hobbes une passion de l’homme de la nature : c’est assez dire que celui-ci n’est rien d’autre que l’homme civilisé moins les entraves de la loi” écrit ... dans la La théorie politique de l’individualisme possessif Macpherson
25%
Pourtant ... critique radicalement la vision hobbesienne d’un contrat social qui justifierait la soumission absolue par besoin de sécurité. Au contraire, pour lui, le contrat social ne doit pas aliéner les libertés des individus mais les préserver et les protéger dans un cadre collectif. C’est pour cela qu’il préconise la notion de volonté générale et de démocratie directe, où les citoyens participent directement à la formation des lois et de l’Etat. Rousseau
25%
Montesquieu s’oppose à cette vision absolutiste de Hobbes en proposant lui plutôt l’idée de la ... des pouvoirs comme on la connaît si bien (législatif, exécutif, judiciaire). Cette séparation permet donc de limiter le pouvoir d’un individu ou d’une assemblée et d’éviter ses abus. séparation
25%
Ces éléments ne peuvent justifier l’existence d’un souverain, car les caractéristiques qui manquent aux hommes sont les caractéristiques des sociétés civilisées, il s’agit donc d’une ... : on ne peut justifier le besoin d’un État absolu en prenant un État absolu auquel on a retiré le souverain. tautologie
25%
La 1ère forme de république pose des problèmes éthiques, elle légitime un pouvoir obtenu par ... --> pose la question de la légitimité du souverain. violence /coercition
25%
1. Il applique cette théorie des personnes et des auteurs à la politique en décrivant l’Etat ou le souverain comme une personne ... représentant la volonté collective des citoyens artificielle
17%
La personne ..., au contraire, est une personne qui agit ou parle au nom d’un autre, en représentant les volontés ou intérêts de quelqu’un d’autre. -> Hobbes utilise l’étymologie du mot personne, qui renvoie en grec (prosôpon) au mot visage et en latin (persona) au mot déguisement, ou “l’apparence extérieure d’un homme, imités sur la scène”. artificielle / fictive
17%
Hobbes explique même que pour les hommes, cela reviendrait à dire : “J’autorise cet homme, ou cette assemblée d’hommes, j’abandonne mon ... de me gouverner à cet homme ou cette assemblée, à cette condition que tu lui abandonnes ton ..., et autorise toutes ses actions de la même manière.” Ainsi, c’est sous ces conditions précises que peut émerger la République (aussi nommée Léviathan). droit
17%
On voit que les passions humaines dénoncées par Hobbes sont celles de personnes civilisées qui ont vécu comme telles, or Hobbes assimile ces caractéristiques à l’essence de l’Homme. Cependant, il n’est pas évident que ces caractéristiques préexistaient à la civilisation, rien n’indique que l’homme était ... avant de vivre en société. --> Rousseau: l'homme est bienveillant par nature et est corrompu par la société égoïste
17%
- République par ... : fondée sur ce consentement volontaire des individus qui s’accordent pour confier leur pouvoir à un souverain, afin d’assurer leur sécurité. Cette forme de république repose sur un contrat social explicite où chacun accepte de céder une partie de ses libertés pour former un pouvoir centralisé. institution
17%
Exemple des mandats représentatifs, qui sont notre système de représentation politique actuel : une fois investis de leur pouvoir, les représentants élus disposent d'une ... d'action qui peut diverger de la volonté du peuple. liberté
17%
Finalement, il conclut le chapitre XIII du Léviathan en suggérant qu’il y a des « clauses de ... » au sujet desquelles les Hommes ont la possibilité de se mettre d’accord par « la raison » dans le but de passer d’un état de guerre à un état de ... S’intéresser à ces clauses serait une manière appropriée d’approfondir le raisonnement qu’il présente. paix
17%
Même avec le regroupement d’un nombre important d'individus, si ces hommes ne sont pas unis mais guidés par “leurs ... et leurs ... particuliers”, cela pourrait réduire leur force à néant et les rendre vulnérables à une domination par un plus petit groupe ou les faire basculer dans une guerre civile. (écrire un des mots) jugements / appétits
8%
La personne ... est une personne qui parle en son propre nom, en fonction de sa propre volonté. Elle représente ses propres actions et discours naturelle
8%
Par exemple, si un avocat parle pour son client, l’avocat est l’acteur et le client est l’auteur. Aucun des deux dans cette situation ne peut être qualifié de personne ... puisqu’aucun n’agit ou ne parle en son propre nom : le client a confié sa défense à son avocat qui agit au nom de celui-ci. naturelle
8%
● Le besoin d’un gouvernement civil : une nécessité qui s’appuie sur la ... humaine Hobbes s’interroge sur le fait que les hommes ne puissent pas s’organiser comme les animaux, notamment les fourmis qui pourtant elles aussi ont des intérêts particuliers. Si ces êtres vivants ne sont pas dotés de la parole, cela ne les empêche pas de vivre de façon harmonieuse grâce à leur instinct. raison
8%
Aucun quiz correspondant
Distribution des résultats
% des personnes avec chaque résultat
Percentile par nombre de réponses
Votre historique - résultats
Vous n’avez pas pris ce quiz